Shiksha tattva (Record no. 1907)

MARC details
000 -LEADER
fixed length control field 00449cam a2200193ua 4500
001 - CONTROL NUMBER
control field 2037
005 - DATE AND TIME OF LATEST TRANSACTION
control field 20260515113434.0
008 - FIXED-LENGTH DATA ELEMENTS--GENERAL INFORMATION
fixed length control field 110811n ii |||gr||||Z||||||asm
040 ## - CATALOGING SOURCE
Transcribing agency MAIN
082 ## - DEWEY DECIMAL CLASSIFICATION NUMBER
Classification number 370.1
100 ## - MAIN ENTRY--PERSONAL NAME
Personal name Deka, Birendra,
Relator term Author.
245 1# - TITLE STATEMENT
Title Shiksha tattva
Statement of responsibility, etc. by Birendra Deka
250 ## - EDITION STATEMENT
Edition statement 1st.
260 ## - PUBLICATION, DISTRIBUTION, ETC.
Place of publication, distribution, etc. Guahati:
Name of publisher, distributor, etc. Banalata,991.
300 ## - PHYSICAL DESCRIPTION
Extent 392p:
Dimensions 23cm.
653 ## - INDEX TERM--UNCONTROLLED
Uncontrolled term Education
653 ## - INDEX TERM--UNCONTROLLED
Uncontrolled term Shiksha tattva
942 ## - ADDED ENTRY ELEMENTS (KOHA)
Koha item type Books
Holdings
Withdrawn status Lost status Damaged status Not for loan Home library Current library Shelving location Date acquired Total checkouts Full call number Barcode Date last seen Date last checked out Copy number Price effective from Koha item type
        Naharkatiya College Library Naharkatiya College Library General stacks 09/19/2020 2 370.1 | DEK 11795 10/28/2023 10/09/2023 1 09/19/2020 Books